Dopadová štúdia vplyvov Majstrovstiev sveta v ľadovom hokeji 2011 na mesto Bratislava diplomová práca

Salvato in:
Dettagli Bibliografici
Autore principale: Johanesová, Lucia, 1988-
Ente Autore: Národohospodárska fakulta EU. Katedra verejnej správy a regionálneho rozvoja
Altri autori: Rehák, Štefan, 1974-
Natura: Libro
Lingua:slovacco
Pubblicazione: Bratislava 2012
Tags: Aggiungi Tag
Nessun Tag, puoi essere il primo ad aggiungerne!!

MARC

LEADER 00000nbm a2200000 4500
001 0152150
005 20161109102015.1
041 0 |a slo 
044 |a SK 
245 1 0 |a Dopadová štúdia vplyvov Majstrovstiev sveta v ľadovom hokeji 2011 na mesto Bratislava  |b diplomová práca  |c Lucia Johanesová ; školiteľ: Štefan Rehák 
264 1 |a Bratislava  |c 2012 
300 |a 78 s. 
100 1 |a Johanesová, Lucia, 1988- 
700 1 |a Rehák, Štefan, 1974- 
710 2 |a Národohospodárska fakulta EU. Katedra verejnej správy a regionálneho rozvoja